На краю Ойкумены: повесть; рассказы; Звездные корабли; Сердце змеи

Dades bibliogràfiques
Autor principal: Ефремов И. А. Иван Антонович
Idioma:rus
Publicat: Ашхабад, Ылым, 1985
TOC:Звездные корабли; Сердце змеи;
Matèries:
Format: MixedMaterials Llibre
KOHA link:https://koha.lib.tpu.ru/cgi-bin/koha/opac-detail.pl?biblionumber=326929

MARC

LEADER 00000nam0a2200000 4500
001 326929
005 20231102003917.0
035 |a (RuTPU)RU\TPU\book\352589 
090 |a 326929 
100 |a 20170119d1985 m y0rusy50 ca 
101 0 |a rus 
102 |a TM 
105 |a a z 000ay 
200 1 |a На краю Ойкумены  |e повесть  |e рассказы  |f И. А. Ефремов 
210 |a Ашхабад  |c Ылым  |d 1985 
215 |a 500 с.  |c ил. 
464 |t Звездные корабли; Сердце змеи  |o рассказы 
606 1 |a Русская литература современная  |2 stltpush  |3 (RuTPU)RU\TPU\subj\26373  |9 50316 
610 1 |a художественная литература 
610 1 |a советская литература 
610 1 |a фантастические повести 
610 1 |a рассказы 
610 1 |a фантастика 
675 |a Р2  |v 4 
700 1 |a Ефремов  |b И. А.  |c русский писатель  |c палеонтолог  |c доктор биологических наук  |f 1907-1972  |g Иван Антонович  |2 stltpush  |3 (RuTPU)RU\TPU\pers\18333  |4 070  |9 6802 
801 1 |a RU  |b 63413507  |c 20170119 
801 2 |a RU  |b 63413507  |c 20201218  |g RCR 
942 |c BK